02154nam a2200661 u 4500001000800000005001700008008004100025020001800066020001800084020001800102035001200120035002100132040001300153041000800166080000700174100003900181245004800220260003500268300002000303505006700323650003700390650002100427650002100448650004200469650003800511650002800549650002300577650002900600650002000629650003100649650002000680650002600700650001700726650002100743650004500764650004000809650002600849650003000875650003300905650003000938650003000968650002400998650003401022650002201056650002301078650002201101650002701123650002301150650005601173650003501229650002701264650003501291700003801326700003501364700003301399700002601432700003401458115074420260507114058.0090619s2008 spa  a9789587097337 a9789587097351 a9789587097344 a1150744 a(OCoLC)777029578 ccomduadb aspa aQH10aEstevez Bianchini, Tomas4auteaut10aColombia salvaje : paraiso de flora y fauna aBogotá :bIntermedio,c2008. a2 v. : il. col. aV 1. Caribe y Andes. -- V 2. Pacífico, orinoquia y amazonia. 7aHistoria naturalzColombia2lemb aFlora - Colombia aFauna - Colombia aCaribe (Región) - Calidad ambiental aFauna silvestre - Caribe (region) aFauna marina - Colombia aFauna de manglares 7aPlantas tropicales2lemb aAves tropicales aRegión Andina (Colombia) aBosques andinos aMontañas - Colombia aFauna andina aEspecies nativas aRelación entre humanos y la naturaleza aRegion pacifica - Calidad ambiental aSelva humeda tropical aSelva lluviosa - Colombia aRecursos naturales - Chocó aBiogeografía - Colombia aAmazonia - Preservación aAmazonas (Colombia) aRecursos naturales - Amazonas aSelva Amazónica aArboles tropicales aAnimales salvajes aOrinoquía colombiana aCuenca del Orinoco aLlanos Orientales (Colombia) - Aspectos geograficos aSabanas - Orinoquia colombiana aEcosistemas tropicales 7aBiodiversidadzColombia2embne10aArchila R., Leonardo A.4edteedt10aRenjifo, Juan Manuel4phtepht10aGutierrez, Aquiles4phtepht10aMenke, Sean4phtepht10aPlazas, Juan Carlos4illeill